000 01107nam a2200313Ia 4500
003 OSt
005 20221006160342.0
006 a|||||r|||| 00| 0
007 ta
008 221006b |||||||| |||| 00| 0 eng d
020 _a9781849713474
_c£44.99
024 _a45,023
037 _bInvoice no: 102/2013-14, 28/02/2014, Pioneer Book Distributor
_cTextual
040 _aEASL
_cEASL
_beng
041 _2eng
_aeng
082 _aU2894:8, Q4
100 _aAlejandro Lopez-Carresi. etc, Ed.
_9672993
245 0 _aDisaster management
_b International lessons in risk reduction, response and recovery
260 _aLondon
_bRoutledge Taylor & Francis Group
_c2014
300 _a352p.
_ccm.
490 _v Gen
650 _a Crisis management
_9672994
650 _a Disaster relief
_9672995
650 _a Rescue work
_9672996
650 _a Risk management-planning
_9672997
650 _aEmergency Management
_9672998
942 _hU2894:8, Q4
_cTEXL
_2CC
999 _c1113115
_d1113115